00554nam a2200157Ia 4500008004100000020001800041082002200059100002100081245010500102250001000207260002300217300001100240500007900251650003100330700003500361120622s9999 xx 000 0 und d a968-24-2690-5 a153.15 B786t 1989 aBower, Gordon H. aTeorías del aprendizaje / Gordon H. Bower, Ernest R. Hilgard ; tr. José Manuel Salazar Palacios a2a ed aMéxico : Trillas a790 p. aTraducción de: Theories of learning \ Incluye bibliografía e índices 0aPSICOLOGIA DEL APRENDIZAJE aHilgard, Ernest R. ; coaut.Ì